000 00287nam a2200121Ia 4500
008 240614s9999 xx 000 0 und d
041 _aeng
100 _aDravid, Rahul
_9207611
245 _aSecret of Leadership
260 _bPengain
_c2013
_aIndia
300 _a250
650 _aGeneral
999 _c358760
_d358760